000 01715nam a22002177a 4500
999 _c57140
_d57140
003 Ge_BSU
005 20191127161939.0
008 191127s2018 ge ||||| |||| 00| 0 geo d
020 _a19877579
041 _ageo
080 _a159.9.07(063) ფ-96
245 _aფსიქოლოგიური გამოკვლევები :
_bX : /
_cრედ : ნოდარ ბარამიძე ; გურამ ჩაგანავა.
264 _aბათუმი :
_bბათუმის შოთა რუსთაველის სახელმწიფოუნივერსიტეტი,
_c2018.
300 _a219 გვ.:
_c20 სმ.
500 _aეძღვნება ივანე ჯავახიშვილის სახელობის თბილისის სახელმწიფო უნივერსიტეტის დაარსების მე-100 წლისთავს.
653 _aფსიქოლოგია
700 _aბარამიძე, ნოდარ
_eრედაქტორი
_95592
700 _aჩაგანავა, გურამ
_eრედაქტორი
_93597
710 _eსაქართველოს განათლებისა და მეცნიერების სამინისტრო ბათუმის შოთა რუსთაველის სახელმწიფო უნივერსიტეტი იურიდიულ და სოციალურ მეცნიერებათა ფაკულტეტი სოციალურ მეცნიერებათა დეპარტამენტი
_95593
942 _2udc
_cBK